000 00679nam a2200241Ia 4500
999 _c49644
_d49644
001 16576
003 GE_BSU
005 20250131105221.0
008 181216s2006||||enk|||||||||||||| ||eng||
020 _a1405815639
040 _cGE_BSU
041 _aeng
080 _a811.111(075.8) A-18
100 _aAcklam, Richard
_93176
245 _aTotal English :
_bupper intermediate : student's book /
_cRichard Acklam, Araminta Crace.
264 _aHarlow :
_bPearson/Longman,
_c2006.
300 _a176 p. :
_b ill. ;
_c29 cm.
_e+ 1 DVD.
541 _h5ლ.
653 _aIntermediate
653 _aTotal English
700 _aCrace, Araminta
_c auth.
_924185
942 _cBK
_2udc